| 000 | 00449nam a2200181Ia 4500 | ||
|---|---|---|---|
| 005 | 20250623023636.0 | ||
| 008 | 240331s9999 xx 000 0 und d | ||
| 020 | _a9555535588 | ||
| 082 |
_bRAJ _a323 |
||
| 100 | _aRajapaksha,D.S.N | ||
| 245 | 0 | _aManawa himikam janamadyaha rajya anapanath | |
| 260 |
_aWarakapola _bArya Publishers _c2008 |
||
| 300 | _a208 p ., | ||
| 650 | _aHuman Rights | ||
| 650 | _aMedia | ||
| 650 | _aState Law | ||
| 942 | _cL | ||
| 999 |
_c5050 _d5050 |
||